Países Que Fizeram Parte do Império Japonês Em Um Mapa - Statistics

Estatísticas Gerais
  • Esse quiz foi jogado 59 vezes
  • A pontuação média é 20 de 23
Respostas no mapa
Respostas codificadas por cores de uma escala verde-vermelha no mapa do quiz de acordo com a % correta abaixo.
 
Estatísticas das Respostas
Resposta % Correto
China
100%
Coreia do Norte
100%
Coreia do Sul
100%
Indonésia
100%
Japão
100%
Papua Nova Guiné
98%
Filipinas
96%
Taiwan
96%
Malásia
94%
Vietnã
94%
Camboja
92%
Myanmar
92%
Laos
90%
Singapura
86%
Ilhas Salomão
84%
Timor-Leste
84%
Ilhas Marshall
82%
Micronésia
80%
Rússia (Ilha Sacalina)
80%
Kiribati
75%
Nauru
73%
Brunei
71%
Palau
71%
Nenhum quiz correspondente encontrado
Distribuição das Pontuações
Porcentagem de Pessoas com Cada Pontuação
Percentil de Números Respondidos
Sua Pontuação Histórica
Você não jogou esse quiz